000 00658nam a2200205Ia 4500
003 GCL
008 140319s9999 xx 000 0 ara d
040 _aGCL /
_cGCL
082 0 4 _a229.5
_bم ق
100 1 _aمحمد احمد جاد المولى
245 1 0 _aقصص القرأن /
_cمحمد احمد جاد المولى
700 1 _aمحمد ابوالفضل ابراهيم
700 1 _aعلى محمد البجاوى
260 _aالقاهرة :
_bمكتبة التراث الاسلامى ،
_c1984
300 _a ؛
_c24 سم
490 _a
650 0 4 _aقصص الانبياء
650 0 4 _aالقصص القرآنية
942 _2ddc
_cBK
999 _c58839
_d58839